• 首页
  • 本馆介绍
  • 公告通知
  • 最新文献
  • 馆藏检索
  • 电子资源
  • 读者导购
  • 参考咨询
  • 我的图书馆
  • 登录
  • 详细信息显示
  • 放入我的书架
  • 预约/预借图书
  • 作者相关作品
  • 分类相关作品
  • 丛书相关作品
  • 出版社相关作品

书目信息

  • 表格格式
  • 工作单格式
  • 卡片格式
题名:
中国青年发展规划的理论与实践
    
 
作者: 张良驯 , 杨长征 主编
分册:  
出版信息: 北京   人民出版社  2018
页数: 520页
开本: 24cm
丛书名:
单 册:
中图分类: D432.6
科图分类:
主题词: 青年工作--规划--研究--中国
电子资源:
ISBN: 978-7-01-019073-0
000 00958nam0 2200253 450
001 012001005189
005 20141008080337.0
010    @a978-7-01-019073-0@dCNY116.00
100    @a20180714d2018 em y0chiy50 ea
101 0  @achi
102    @aCN@b110000
105    @ay z 000yy
106    @ar
200 1  @a中国青年发展规划的理论与实践@9zhong guo qing nian fa zhan gui hua de li lun yu shi jian@f张良驯,杨长征主编
210    @a北京@c人民出版社@d2018
215    @a520页@d24cm
300    @a中国青少年研究中心2017年度国家财政专项资金课题研究成果
330    @a本书系统梳理和总结了我国各地区已实施的青年发展规划实践,研究探讨青年发展规划具有规律性的理论问题,还提出了如何实施青年发展规划的对策建议,具有很强的实践价值。
606 0  @a青年工作@x规划@x研究@y中国
690    @aD432.6@v5
701  0 @a张良驯@9zhang liang xun@4主编
701  0 @a杨长征@9yang chang zheng@f(1958-)@4主编
801  0 @aCN@b上海新华@c20180901
905    @b1173064-7@dD432.6@e229@f4
    
    中国青年发展规划的理论与实践/张良驯,杨长征主编.-北京:人民出版社,2018
    520页;24cm
    中国青少年研究中心2017年度国家财政专项资金课题研究成果
    
    ISBN 978-7-01-019073-0:CNY116.00
    本书系统梳理和总结了我国各地区已实施的青年发展规划实践,研究探讨青年发展规划具有规律性的理论问题,还提出了如何实施青年发展规划的对策建议,具有很强的实践价值。
●
相关链接 在E读中查询图书 在五车中查询图书 在当当中查询图书 在豆瓣中查询图书


正题名:中国青年发展规划的理论与实践     索取号:D432.6/229         预约/预借

序号 登录号 条形码 馆藏地/架位号 状态 备注
1 1173064   211730643   第一样本阅览室/ [索取号:D432.6/229] 在馆    
2 1173065   211730652   史法系资料室/ [索取号:D432.6/229] 在馆    
3 1173066   211730661   第一借阅区/ [索取号:D432.6/229] 在馆    
4 1173067   211730670   第一借阅区/ [索取号:D432.6/229] 在馆    
唐山师范学院图书馆 欢迎您!
大连网信软件有限公司© 版权所有